000 00471nam a2200181Ia 4500
005 20250508153729.0
008 008 250505s9999 xx 000 0 eng d
037 _aTextual
040 _aFEDL
_beng
_cFEDL
041 _aeng
_2eng
084 _a910, THR
_qFEDL
100 _aThralls Zoe A
_9761963
245 0 _aWorld: Its lands and peoples
300 _a32p.
490 _aA teacher's guide to
942 _cTEXL
_h910, THR
999 _c1345047
_d1345047